El paradigma emergente : (Registro nro. 82119)

Detalles MARC
000 -LEADER
campo de control de longitud fija 00821nam a22002535i 4500
001 - NÚMERO DE CONTROL
campo de control 82119
003 - IDENTIFICADOR DE NÚMERO DE CONTROL
campo de control ES-MaACL
005 - FECHA Y HORA DE LA ÚLTIMA TRANSACCIÓN
campo de control 20250815103157.0
007 - CAMPO FIJO DE DESCRIPCIÓN FÍSICA--INFORMACIÓN GENERAL
campo de control de longitud fija t|
008 - DATOS DE LONGITUD FIJA--INFORMACIÓN GENERAL
campo de control de longitud fija 041123s1993 sp ||||0| spa d
020 ## - NÚMERO INTERNACIONAL ESTÁNDAR DEL LIBRO
Número Internacional Estándar del Libro 84-7432-495-5
080 ## - NÚMERO DE LA CLASIFICACIÓN DECIMAL UNIVERSAL
Número de la Clasificación Decimal Universal 001:1"19"
100 1# - ENTRADA PRINCIPAL--NOMBRE DE PERSONA
Nombre de persona Martínez Miguélez, Miguel.
9 (RLIN) 78236
245 13 - MENCIÓN DEL TÍTULO
Título El paradigma emergente :
Resto del título hacia una nueva teoría de la racionalidad científica /
Mención de responsabilidad, etc. por Miguel Martínez Miguélez.
250 ## - MENCION DE EDICION
Mención de edición 1ª ed.
260 ## - PUBLICACIÓN, DISTRIBUCIÓN, ETC.
Lugar de publicación, distribución, etc. Barcelona :
Nombre del editor, distribuidor, etc. Gedisa,
Fecha de publicación, distribución, etc. 1993.
300 ## - DESCRIPCIÓN FÍSICA
Extensión 191 p ;
Dimensiones 23 cm.
490 1# - MENCIÓN DE SERIE
Mención de serie Límites de la ciencia ;
Designación de volumen o secuencia v. 29
504 ## - NOTA DE BIBLIOGRAFÍA, ETC.
Nota de bibliografía, etc. Bibliografía: p. 187-191.
650 #4 - PUNTO DE ACCESO ADICIONAL DE MATERIA--TÉRMINO DE MATERIA
Término de materia o nombre geográfico como elemento de entrada Ciencia-
Subdivisión general Filosofía-
Subdivisión cronológica S.XX.
9 (RLIN) 10953
830 10 - PUNTO DE ACCESO ADICIONAL DE SERIE-TÍTULO UNIFORME
Título uniforme Límites de la ciencia (Gedisa)
Designación de volumen o secuencia v. 29
9 (RLIN) 184279
852 4# - LOCALIZACIÓN
Ubicación ES-MaACL
Número de control de estantería E-10471
Existencias
Estatus retirado Estado de pérdida Estado de daño No para préstamo Biblioteca de origen Biblioteca actual Ubicación en estantería Fecha de adquisición Fuente de adquisición Total de préstamos Signatura topográfica completa Código de barras Visto por última vez Precio de reemplazo Tipo de ítem Koha
        Biblioteca del Ateneo de Madrid Biblioteca del Ateneo de Madrid Depósito 2 17/01/2008     E-10471 1085829 23/02/2023 23/02/2023 Libro impreso